000 00709nam a2200253Ia 4500
003 OSt
005 20220912150444.0
006 a|||||r|||| 00| 0
007 ta
008 220909b |||||||| |||| 00| 0 eng d
020 _a0 471 20410 2 (pbk)
024 _a14949
037 _cTextbook
040 _aCSL
_beng
_cCSL
041 _aeng
082 _aH422, K5-;1-;2-;4 TH
100 _aDe Wiest Roger J M
245 0 _aGeohydrology
260 _aNew York
_b John Wiley & Sons
_c1965
300 _axv, 366p.
_ccm.
500 _aAppendix A-B, 349-359p.
_ccm.; Index 361-366p.
_ccm.
942 _hH422, K5-;1-;2-;4 TH
_cTB
_2CC
999 _c47790
_d47790